000 01141nam a2200265 i 4500
001 21785
003 ES-MaACL
005 20230906152538.0
007 t|
008 021127m19831984sp ||||1| spa d
020 _a84-505-0775-8
100 1 _aAlmagro Basch, Martín.
_920073
245 1 0 _aSegóbriga /
_cpor Martín Almagro Basch.
260 _aMadrid :
_bDirección General de Bellas Artes y Archivos,
_c1983-1984.
300 _a2 v. :
_bil. ;
_c29 cm.
490 1 _aExcavaciones arqueológicas en España ;
_v123, 127
505 8 _aContiene: I. Los textos de la antigüedad sobre Segóbriga y las discusiones acerca de la situación geográfica de aquella ciudad -- II. Inscripciones ibéricas, latinas paganas y latinas cristianas.
650 4 _aInscripciones-
_zCuenca (Provincia)
_9173229
651 4 _aSegóbriga (Ciudad desaparecida)
_9173219
651 4 _aCuenca (Provincia)-
_xRestos arqueológicos.
_9149775
710 1 _aEspaña.
_bDirección General de Bellas Artes y Archivos.
_93708
830 1 _aExcavaciones arqueológicas en España ;
_v123, 127
_9177264
852 _aES-MaACL
_jL-10215-16
999 _c21785
_d21785